[Event "Dresden ZMD op"]
[Site "Dresden"]
[Date "2008.07.23"]
[Round "5"]
[White "Malakhatko, Vadim"]
[Black "Schulte, Juergen"]
[Result "1-0"]
[WhiteElo "2612"]
[BlackElo "2166"]
[PlyCount "67"]
[EventDate "2008.07.19"]
[EventType "swiss"]
[EventRounds "9"]
[EventCountry "GER"]
[SourceTitle "CBM 125 Extra"]
[Source "ChessBase"]
[SourceDate "2008.09.01"]
[SourceVersion "1"]
[SourceVersionDate "2008.09.01"]
[SourceQuality "1"]

1. d4 Nf6 2. c4 g6 3. Nc3 Bg7 4. e4 d6 5. Nf3 0-0 6. Be2 c6 7. 0-0 a6 8. h3 b5 9. a3 bxc4 10. Bxc4 d5 11. Bd3 dxe4 12. Nxe4 Nd5 13. Re1 Bf5 14. Qc2 Qc8 15. Bd2 Ra7 16. Rac1 Re8 17. b4 Rc7 18. Qb3 Rd8 19. Bc4 h6 20. Nc5 g5 21. h4 g4 22. Ne5 e6 23. Be2 h5 24. Rcd1 Re8 25. g3 Rce7 26. Nc4 Rd8 27. Bg5 f6 28. Bc1 Bg6 29. Bf1 Qc7 30. Nxe6 Rxe6 31. Rxe6 Bf7 32. Ree1 Nb6 33. Qc2 f5 34. Bf4 1-0

[Event "Dresden ZMD op"]
[Site "Dresden"]
[Date "2008.07.22"]
[Round "4"]
[White "Schulte, Juergen"]
[Black "Zeberski, Jakub"]
[Result "0-1"]
[WhiteElo "2166"]
[BlackElo "2396"]
[PlyCount "119"]
[EventDate "2008.07.19"]
[EventType "swiss"]
[EventRounds "9"]
[EventCountry "GER"]
[SourceTitle "CBM 125 Extra"]
[Source "ChessBase"]
[SourceDate "2008.09.01"]
[SourceVersion "1"]
[SourceVersionDate "2008.09.01"]
[SourceQuality "1"]

1. e4 c5 2. Nf3 e6 3. d4 cxd4 4. Nxd4 a6 5. g3 Nc6 6. Bg2 Nge7 7. c3 Ng6 8. 0-0 Be7 9. Be3 0-0 10. Nd2 Qc7 11. f4 f6 12. f5 Nge5 13. Bh3 Bc5 14. Kh1 Qd6 15. N2b3 Nc4 16. Bg1 Nxd4 17. cxd4 Ba7 18. Qe2 b5 19. Bg2 Bb7 20. Nc5 Bxc5 21. dxc5 Qe7 22. b3 Ne5 23. Qd2 Nf7 24. Rfe1 Bc6 25. Rac1 a5 26. Bd4 a4 27. b4 Rae8 28. Re3 Nh6 29. Qe2 Qf7 30. g4 Qe7 31. Rg1 Nf7 32. h4 Qd8 33. Bf3 exf5 34. gxf5 Ne5 35. Qg2 Qe7 36. Bxe5 fxe5 37. Qh2 d6 38. cxd6 Qxd6 39. a3 Rd8 40. Qg2 Rd7 41. h5 Qd4 42. Re2 h6 43. Rc2 Rf6 44. Rgc1 Qb6 45. Rc5 Rd3 46. Rxe5 Qe3 47. Rf1 Kf8 48. Re6 Rxa3 49. Qg3 Rxe6 50. fxe6 Kg8 51. e7 Qd3 52. Rf2 Qd7 53. Qh4 Qe6 54. Bg2 Ra1+ 55. Kh2 Qe5+ 56. Rf4 Rc1 57. Qf2 Rc3 58. Qh4 Rc1 59. Qf2 Rc3 60. Bf3 0-1

[Event "Dresden ZMD op"]
[Site "Dresden"]
[Date "2006.08.09"]
[Round "5"]
[White "Andrzejewska, Anna"]
[Black "Schulte, Juergen"]
[Result "1/2-1/2"]
[WhiteElo "2018"]
[BlackElo "2162"]
[PlyCount "47"]
[EventDate "2006.08.05"]
[EventType "swiss"]
[EventRounds "9"]
[EventCountry "GER"]
[SourceTitle "CBM 113 Extra"]
[Source "ChessBase"]
[SourceDate "2006.09.14"]
[SourceVersion "1"]
[SourceVersionDate "2006.09.14"]
[SourceQuality "1"]

1. e4 c6 2. d4 d5 3. Nc3 dxe4 4. Nxe4 Nd7 5. Nf3 Ngf6 6. Ng3 c5 7. c3 cxd4 8. Nxd4 g6 9. Bd3 Bg7 10. 0-0 0-0 11. Bc2 a6 12. a4 Qc7 13. f4 e6 14. a5 Nd5 15. Qe2 N7f6 16. Ne4 Bd7 17. Bb3 Rad8 18. Nxf6+ Nxf6 19. Be3 Rfe8 20. Nf3 Nd5 21. Bxd5 exd5 22. Qd2 Qc4 23. Rf2 Bf5 24. Bd4 1/2-1/2

[Event "Dresden ZMD op"]
[Site "Dresden"]
[Date "2006.08.08"]
[Round "4"]
[White "Schulte, Juergen"]
[Black "Wichmann, Cliff"]
[Result "0-1"]
[WhiteElo "2162"]
[BlackElo "2360"]
[PlyCount "116"]
[EventDate "2006.08.05"]
[EventType "swiss"]
[EventRounds "9"]
[EventCountry "GER"]
[SourceTitle "CBM 113 Extra"]
[Source "ChessBase"]
[SourceDate "2006.09.14"]
[SourceVersion "1"]
[SourceVersionDate "2006.09.14"]
[SourceQuality "1"]

1. d4 d5 2. c4 e6 3. Nc3 c6 4. Nf3 dxc4 5. a4 Bb4 6. e3 b5 7. Ne5 Nf6 8. Be2 Bb7 9. 0-0 a6 10. Bh5 0-0 11. f4 c5 12. Bf3 Qb6 13. axb5 Bxc3 14. Nxc4 Qxb5 15. Bxb7 Qxb7 16. bxc3 Rd8 17. Ba3 cxd4 18. cxd4 Qe4 19. Be7 Re8 20. Bxf6 gxf6 21. Rf3 Rd8 22. Rg3+ Kf8 23. Qh5 Nc6 24. Qc5+ Ne7 25. Nb6 Rab8 26. Rd1 Qb7 27. Rb1 Qc6 28. e4 Rb7 29. e5 Qe4 30. Rd1 Qc6 31. Qxc6 Nxc6 32. Nc4 Rxd4 33. Rxd4 Nxd4 34. Ra3 Rb4 35. Nd6 Rb6 36. Rh3 Ne2+ 37. Kf1 Nxf4 38. Rxh7 Rb1+ 39. Kf2 Nd3+ 40. Ke2 Nxe5 41. Ne4 Ke7 42. Rh8 Rb2+ 43. Kf1 Ng4 44. Rh3 f5 45. Nc5 Rf2+ 46. Kg1 Rc2 47. Nd3 e5 48. Rh8 e4 49. Ne1 Ra2 50. h3 Ne3 51. h4 f4 52. h5 Re2 53. h6 Rxe1+ 54. Kf2 Rf1+ 55. Ke2 Rh1 56. h7 Rh2 57. Ra8 Rxh7 58. Rxa6 Rg7 0-1

[Event "Dresden ZMD op"]
[Site "Dresden"]
[Date "2005.07.29"]
[Round "7"]
[White "Schulte, Juergen"]
[Black "Schuh, Dirk"]
[Result "1/2-1/2"]
[WhiteElo "2144"]
[BlackElo "2270"]
[PlyCount "86"]
[EventDate "2005.07.23"]
[EventType "swiss"]
[EventRounds "9"]
[EventCountry "GER"]
[SourceTitle "EXT 2006"]
[Source "ChessBase"]
[SourceDate "2005.11.24"]
[SourceVersion "1"]
[SourceVersionDate "2005.11.24"]
[SourceQuality "1"]

1. d4 d6 2. e4 Nf6 3. Nc3 e5 4. dxe5 dxe5 5. Qxd8+ Kxd8 6. Bg5 Be6 7. Nf3 Nbd7 8. Nd5 c6 9. Ne3 Kc7 10. Bd3 Bd6 11. 0-0 Nc5 12. Bxf6 gxf6 13. Rfd1 Rhd8 14. Nh4 Rd7 15. Nhf5 Bf8 16. f3 Nxd3 17. cxd3 Rad8 18. Ng4 Bxf5 19. exf5 Be7 20. Nf2 Bc5 21. Kf1 Bxf2 22. Kxf2 Rxd3 23. Rxd3 Rxd3 24. Ke2 Rd4 25. g4 Kd6 26. Rg1 a5 27. Rg3 Rb4 28. b3 a4 29. Rh3 Ke7 30. Rxh7 axb3 31. axb3 Rxb3 32. h4 Kf8 33. g5 fxg5 34. f6 Ke8 35. hxg5 Rb2+ 36. Ke3 Rg2 37. f4 Rg4 38. fxe5 Rxg5 39. Rh8+ Kd7 40. Kf4 Rg1 41. Rf8 Rf1+ 42. Ke4 Re1+ 43. Kf4 Rf1+ 1/2-1/2

[Event "Dresden ZMD op"]
[Site "Dresden"]
[Date "2005.07.27"]
[Round "5"]
[White "Schulte, Juergen"]
[Black "Sawatzki, Frank"]
[Result "0-1"]
[WhiteElo "2144"]
[BlackElo "2374"]
[PlyCount "116"]
[EventDate "2005.07.23"]
[EventType "swiss"]
[EventRounds "9"]
[EventCountry "GER"]
[SourceTitle "EXT 2006"]
[Source "ChessBase"]
[SourceDate "2005.11.24"]
[SourceVersion "1"]
[SourceVersionDate "2005.11.24"]
[SourceQuality "1"]

1. d4 Nf6 2. c4 g6 3. Nc3 Bg7 4. e4 d6 5. f3 0-0 6. Be3 c5 7. dxc5 dxc5 8. Qxd8 Rxd8 9. Bxc5 Nc6 10. Nd5 Nd7 11. Bxe7 Nxe7 12. Nxe7+ Kf8 13. Nd5 Bxb2 14. Rb1 Bg7 15. Nh3 Nb6 16. Nhf4 g5 17. c5 Nxd5 18. Nxd5 Be6 19. Be2 Bxd5 20. exd5 Rxd5 21. 0-0 Re8 22. Bb5 Rc8 23. Ba4 Rc7 24. Rfd1 Rdxc5 25. Rd8+ Ke7 26. Re1+ Be5 27. Re8+ Kf6 28. g3 b5 29. Bb3 a5 30. Rd8 Rc1 31. Rxc1 Rxc1+ 32. Kg2 a4 33. Bd5 Ke7 34. Ra8 f5 35. Ra6 Bd6 36. h4 gxh4 37. gxh4 Rd1 38. Bg8 h5 39. Ra5 Rd2+ 40. Kf1 Rb2 41. Ra7+ Kf6 42. Ra6 Ke7 43. Ra7+ Kf6 44. Ra6 Kg7 45. Bd5 Bg3 46. Ra7+ Kf6 47. Rh7 b4 48. Ra7 Bxh4 49. Rxa4 Bg3 50. Ra8 h4 51. a4 bxa3 52. Rxa3 Rf2+ 53. Kg1 h3 54. Ra1 h2+ 55. Kh1 Bf4 56. Bc6 Kg5 57. Rb1 Kh4 58. Bd5 Kg3 0-1

[Event "Dresden ZMD op"]
[Site "Dresden"]
[Date "2005.07.25"]
[Round "3"]
[White "Schulte, Juergen"]
[Black "Slobodjan, Roman"]
[Result "1/2-1/2"]
[WhiteElo "2144"]
[BlackElo "2529"]
[PlyCount "96"]
[EventDate "2005.07.23"]
[EventType "swiss"]
[EventRounds "9"]
[EventCountry "GER"]
[SourceTitle "EXT 2006"]
[Source "ChessBase"]
[SourceDate "2005.11.24"]
[SourceVersion "1"]
[SourceVersionDate "2005.11.24"]
[SourceQuality "1"]

1. d4 Nf6 2. c4 c5 3. d5 b5 4. cxb5 a6 5. b6 Qxb6 6. Nc3 d6 7. e4 g6 8. Nf3 Nbd7 9. Be2 Bg7 10. 0-0 0-0 11. Nd2 a5 12. a4 Ba6 13. Ra3 Bxe2 14. Qxe2 e6 15. Nc4 Qa6 16. dxe6 fxe6 17. Rd1 d5 18. exd5 exd5 19. Nxd5 Nxd5 20. Rxd5 Nb6 21. Rxc5 Bd4 22. Qe6+ Kh8 23. Rc7 Bxf2+ 24. Kh1 Bh4 25. Rf3 Rfe8 26. Qf7 Re1+ 27. Rf1 Rxf1+ 28. Qxf1 Nd5 29. Rf7 Bf6 30. Rd7 Qe6 31. Rd6 Qe4 32. Rxd5 Qxd5 33. Nb6 Qc6 34. Nxa8 Kg7 35. Bd2 Qxa8 36. Bh6+ Kxh6 37. Qxf6 Qe4 38. Qf8+ Kg5 39. Qd8+ Kh6 40. Qf8+ Kg5 41. Qd8+ Kh6 42. Qd1 Qb4 43. b3 g5 44. h3 Qc3 45. Qd6+ Kg7 46. Qd7+ Kg6 47. Qe6+ Kg7 48. Qe7+ Kg6 1/2-1/2

[Event "Bayern-chI Bank Hofmann 6th"]
[Site "Bad Wiessee"]
[Date "2002.11.01"]
[Round "7"]
[White "Buchal, Stephan"]
[Black "Schulte, Juergen"]
[Result "1-0"]
[WhiteElo "2358"]
[BlackElo "2126"]
[PlyCount "45"]
[EventDate "2002.10.26"]
[EventType "swiss"]
[EventRounds "9"]
[EventCountry "GER"]
[SourceTitle "EXT 2003"]
[Source "ChessBase"]
[SourceDate "2002.11.25"]
[SourceVersion "1"]
[SourceVersionDate "2002.11.25"]
[SourceQuality "1"]

1. e4 c5 2. Nf3 d6 3. Bc4 e6 4. 0-0 Nf6 5. Qe2 Nc6 6. Bb3 Be7 7. c3 0-0 8. d4 cxd4 9. cxd4 e5 10. dxe5 dxe5 11. h3 Bc5 12. Rd1 Qe7 13. Nc3 h6 14. Nd5 Qd8 15. Be3 Bd6 16. Rac1 Nxe4 17. Bxh6 gxh6 18. Qxe4 Kh8 19. Ba4 f5 20. Qe3 f4 21. Qc3 Qa5 22. Bxc6 Qxc3 23. Nxc3 1-0

[Event "Bayern-chI Bank Hofmann 6th"]
[Site "Bad Wiessee"]
[Date "2002.10.31"]
[Round "6"]
[White "Schulte, Juergen"]
[Black "Tauber, Manfred"]
[Result "1/2-1/2"]
[WhiteElo "2126"]
[BlackElo "2266"]
[PlyCount "66"]
[EventDate "2002.10.26"]
[EventType "swiss"]
[EventRounds "9"]
[EventCountry "GER"]
[SourceTitle "EXT 2003"]
[Source "ChessBase"]
[SourceDate "2002.11.25"]
[SourceVersion "1"]
[SourceVersionDate "2002.11.25"]
[SourceQuality "1"]

1. d4 d5 2. c4 c6 3. cxd5 cxd5 4. Nc3 Nf6 5. Nf3 e6 6. Bf4 Bd6 7. Bg3 0-0 8. e3 Nc6 9. Bd3 Qe7 10. Bh4 Qd8 11. 0-0 Be7 12. a3 b6 13. b4 Bb7 14. Qc2 h6 15. Rfc1 Rc8 16. Qe2 Ne4 17. Bxe7 Nxe7 18. Bxe4 dxe4 19. Nd2 f5 20. a4 Nd5 21. Nxd5 exd5 22. Nb3 Qd6 23. Qe1 Rc4 24. b5 Rfc8 25. Nd2 Rc2 26. Qd1 Qc7 27. Nb3 Qc3 28. Nc5 Rxc1 29. Rxc1 Qa3 30. Ra1 Qb4 31. Rb1 Qc3 32. Rc1 Qa3 33. Ra1 Qc3 1/2-1/2